AK’s General Knowledge A-Z #70 - Statistics

General Stats
  • This quiz has been taken 352 times
  • The average score is 17 of 26
Answer Stats
Hint Answer % Correct
L – if you were a Jew in Kraków in 1944, you were lucky to get on Schindler’s ____ List
95%
M – is “mús” in Icelandic, or Mickey in Disney Mouse
95%
O – not Blur, but a fertile spot in a desert Oasis
91%
A – Susan B., the first American women’s right activist, or first name of actor Hopkins Anthony
90%
J – very dark black in colour, or a rocket engine Jet
87%
Y – an ape-like creature purported to inhabit the Himalayan mountain range Yeti
86%
I – U.S. state where Robert James Waller’s The Bridges of Madison County takes place Iowa
84%
S – a ______ of fish, or Jack Black movie The ______ of Rock School
78%
E – take it ____ Easy
77%
G – TV sitcom Will & _____ about a lawyer and an interior designer Grace
75%
T – a machine common in science fiction, first introduced in 1887 in the Spanish novel "El anacronópete" Time machine
75%
B – the bottom in Minecraft, or the town where the Flintstones live Bedrock
71%
V – first name of the Dowager Countess in Downton Abbey, or a flower Violet
68%
C – a shape in a plane that has a constant radius Circle
62%
W – Wikipedia founder Jimmy, or country whose flag is called Y Ddraig Goch (the red dragon) Wales
62%
Z – reusable metal lighter described as “a legendary and distinct symbol of America” Zippo
61%
U – word meaning pertaining to or characteristic of bears Ursine
56%
D – a coastal place in the U.K., or Dolly Parton’s “Down from _____” Dover
55%
N – N in DNA Nucleic
54%
K – probably the second-largest city on the Persian Gulf coast Kuwait City
52%
F – the 11 March 2011 tsunami caused havoc at the _________ Daiichi Nuclear Power Plant in Japan Fukushima
47%
Q – American far-right political conspiracy theory, mass political movement, and cult QAnon
41%
H – “Call me on my cell phone; Late night when you need my love; I know when that ______ _____; That can only mean one thing” Hotline Bling
39%
R – a polycentric urban area in North Rhine-Westphalia, Germany Ruhr
37%
P – card solitaire Patience
25%
X – first name of Howard, football cornerback for the Miami Dolphins Xavien
7%
No matching quizzes found
Score Distribution
Percent of People with Each Score
Percentile by Number Answered
Your Score History
You have not taken this quiz